| 000 | 00786nam a2200229 a 4500 | ||
|---|---|---|---|
| 999 |
_c132617 _d132617 |
||
| 003 | UPN | ||
| 005 | 20250408063818.0 | ||
| 008 | 080924s2000 mx r 000 0 spa d | ||
| 035 | _aUPN01000160504 | ||
| 040 |
_aUPN _bspa _cUPN |
||
| 049 | _aUNE | ||
| 080 | _a330.6 REE No.167. | ||
| 245 | 0 | 0 |
_aReestructuración del orden internacional : _binforme al club de Roma / _ccoord. Jan Tinbergen; comp. Antony J. Dolman ; dir. Jan van Ettinger; tr. Eduardo L. Suárez. |
| 260 |
_aMéxico : _bFCE, _c1977. |
||
| 300 |
_a526 p. : _bil. |
||
| 440 | 0 | _a(Colección popular; 167) | |
| 690 |
_aRelaciones internacionales _914390 |
||
| 690 |
_aCooperación internacional _912382 |
||
| 690 | _aDesarrollo economico y social- Cooperacion internacional | ||
| 905 | _aUNESCO | ||
| 942 |
_2lcc _cLIBRO |
||